Top 10 najmniej szczęśliwych stanów USA - Statystyki

Ogólne statystyki
  • Ten quiz został rozwiązany 87 razy
  • Średni wynik to 4 z 10
Statystyki odpowiedzi
Ranga Nieszczęśliwy
stan
% Poprawnych
50 Nowy Jork
76%
45 Kalifornia
68%
43 Ohio
56%
48 New Jersey
45%
44 Illinois
40%
47 Michigan
36%
42 Massachusetts
35%
41 Rhode Island
33%
46 Indiana
31%
49 Connecticut
19%
Nie znaleziono quizów pasujących do podanych kryteriów
Rozkład punktacji
Procent ludzi z każdym wynikiem
Percentyl według liczby udzielonych odpowiedzi
Twoja historia wyników
Nie rozwiązałeś tego quizu